| 000 | 01627cam a2200469 i 4500 | ||
|---|---|---|---|
| 001 | 22677202 | ||
| 005 | 20250703085033.0 | ||
| 008 | 210713s2022 enk b 001 0 eng d | ||
| 010 | _a 2021387067 | ||
| 020 |
_a9780414099487 _q(print and e-book) |
||
| 020 |
_a9780414099470 _q(hardcover) |
||
| 020 |
_z9780414099494 _q(electronic book) |
||
| 035 | _a22677202 | ||
| 035 | _a(OCoLC)1260133382 | ||
| 040 |
_aYDX _beng _cYDX _erda _dYDX _dOCLCO _dOCLCF _dOCLCO _dIL4J6 _dRCJ _dDLC |
||
| 042 | _alccopycat | ||
| 043 | _ae-uk--- | ||
| 050 | 0 | 0 |
_aKD7499 _b.P46 2022 |
| 080 | _a347.94(42) | ||
| 082 | 0 | 4 |
_a347.4206 _223 _bPHI |
| 245 | 0 | 0 |
_aPhipson on evidence / _cgeneral editor, Hodge M. Malek. |
| 250 | _aTwentieth edition. | ||
| 264 | 1 |
_aLondon : _bSweet & Maxwell, _c2022. |
|
| 300 |
_accclxvii, 1832 pages ; _c24 cm. |
||
| 336 |
_atext _btxt _2rdacontent |
||
| 337 |
_aunmediated _bn _2rdamedia |
||
| 338 |
_avolume _bnc _2rdacarrier |
||
| 490 | 0 | _aThe common law library | |
| 500 | _aPrevious edition: 2018. | ||
| 504 | _aIncludes bibliographical references and index. | ||
| 650 | 0 |
_aEvidence (Law) _zGreat Britain. _9129372 |
|
| 650 | 6 |
_aPreuve (Droit) _zGrande-Bretagne. _9129373 |
|
| 650 | 7 |
_aEvidence (Law) _2fast _0(OCoLC)fst00917186 _9129374 |
|
| 650 | 7 |
_aEvidence (Law) _zGreat Britain. _2nli _9129372 |
|
| 651 | 7 |
_aGreat Britain. _2fast _0(OCoLC)fst01204623 |
|
| 700 | 1 |
_aMalek, Hodge M., _eeditor. _9129375 |
|
| 830 | 0 |
_aCommon law library. _9129376 |
|
| 906 |
_a7 _bcbc _ccopycat _d2 _encip _f20 _gy-gencatlg |
||
| 942 |
_2ddc _cBK |
||
| 999 |
_c614067 _d614067 |
||